00487nam a22001577a 450000500170000001000150001702000260003203500130005803700130007108200110008410000180009524500730011326000440018627000790023030000200030920170712111944.0 aENG-112197 a9789350099384c599.00 aEN-95729 aDBAD/PUB a954.05 aKhare, Harish aHow Modi won it :cby Harish Khare bnotes from the 2014 election /  aGurgaonbHachette Book Publishingc2014 a4th & 5th Floor, Corporate Centre, Plot No.94, Sector -44bGurgaone122003 a242p.c23cm(Hb)